Judaism in the first centuries of the Christian era : (Record no. 120914)
[ view plain ]
| 000 -LEADER | |
|---|---|
| fixed length control field | 00672cam a2200217 4500 |
| 001 - CONTROL NUMBER | |
| control field | 1114371 |
| 003 - CONTROL NUMBER IDENTIFIER | |
| control field | ARRUPE |
| 005 - DATE AND TIME OF LATEST TRANSACTION | |
| control field | 20140923135711.0 |
| 008 - FIXED-LENGTH DATA ELEMENTS--GENERAL INFORMATION | |
| fixed length control field | 780302c19661927mau 001 0 eng d |
| 035 ## - SYSTEM CONTROL NUMBER | |
| System control number | (OCoLC)ocm03683402 |
| 035 ## - SYSTEM CONTROL NUMBER | |
| System control number | (NNC)1114371 |
| 040 ## - CATALOGING SOURCE | |
| Original cataloging agency | SJD |
| Transcribing agency | SJD |
| Modifying agency | ZCU |
| 090 ## - LOCALLY ASSIGNED LC-TYPE CALL NUMBER (OCLC); LOCAL CALL NUMBER (OCLC) | |
| Classification number (OCLC) (R) ; Classification number, CALL (RLIN) (NR) | BM177 |
| Local cutter number (OCLC) ; Book number/undivided call number, CALL (RLIN) | .M6 1966 |
| 300 ## - PHYSICAL DESCRIPTION | |
| Dimensions | 22 cm. |
| 100 1# - MAIN ENTRY--PERSONAL NAME | |
| Personal name | Moore, George Foot, |
| Dates associated with a name | 1851-1931. |
| 9 (RLIN) | 11510 |
| 245 10 - TITLE STATEMENT | |
| Title | Judaism in the first centuries of the Christian era : |
| Remainder of title | the age of the Tannaim / |
| Statement of responsibility, etc | by George Foot Moore. |
| 260 ## - PUBLICATION, DISTRIBUTION, ETC. (IMPRINT) | |
| Place of publication, distribution, etc | Cambridge : |
| Name of publisher, distributor, etc | Harvard University Press, |
| Date of publication, distribution, etc | 1966-1967, c1927-1930. |
| 300 ## - PHYSICAL DESCRIPTION | |
| Extent | 3 v. ; |
| 650 #0 - SUBJECT ADDED ENTRY--TOPICAL TERM | |
| Topical term or geographic name as entry element | Tannaim. |
| 9 (RLIN) | 11511 |
| 942 ## - ADDED ENTRY ELEMENTS (KOHA) | |
| Source of classification or shelving scheme | Library of Congress Classification |
| Koha item type | Monograph ( Printed materials) |
| Withdrawn status | Lost status | Source of classification or shelving scheme | Damaged status | Not for loan | Collection code | Home library | Current library | Shelving location | Date acquired | Total Checkouts | Full call number | Barcode | Date last seen | Date checked out | Price effective from | Koha item type |
|---|---|---|---|---|---|---|---|---|---|---|---|---|---|---|---|---|
| Library of Congress Classification | Main Collection | ARRUPE LIBRARY | ARRUPE LIBRARY | Main Collection | 23/09/2014 | 1 | BM177.M5 | 46500000433 | 16/04/2019 | 15/04/2019 | 23/09/2014 | Monograph ( Printed materials) | ||||
| Library of Congress Classification | Main Collection | ARRUPE LIBRARY | ARRUPE LIBRARY | Main Collection | 23/09/2014 | BM177.M5 | 46500000434 | 04/11/2016 | 23/09/2014 | Monograph ( Printed materials) | ||||||
| Library of Congress Classification | Main Collection | ARRUPE LIBRARY | ARRUPE LIBRARY | Main Collection | 23/09/2014 | BM177.M5 | 46500000377 | 04/11/2016 | 23/09/2014 | Monograph ( Printed materials) |